000
00340nam a2200145Ia 4500
003
OSt
005
20240102053731.0
008
170523s9999 xx 000 0 und d
020
_a
9788126526857
040
_c
iimtu
100
_a
Irwin- J. David
245
0
_a
Basic Engineering Circuit Analysis
260
_a
Wiley India
942
_2
ddc
_c
02
999
_c
12171
_d
12171